Anti-Atherogenic Properties of Allium ursinum Liophylisate Impact on Lipoprotein Homeostasis and Cardiac Biomarkers in Hypercholesterolemic Rabbits /

Elmentve itt :
Bibliográfiai részletek
Szerzők: Bombicz Mariann
Priksz Dániel
Varga Balázs
Gesztelyi Rudolf
Kertész Attila
Lengyel Péter
Balogh Péter
Csupor Dezső
Hohmann Judit
Bhattoa Harjit Pál
Haines David
Juhász Béla
Dokumentumtípus: Cikk
Megjelent: MDPI AG 2016
Sorozat:INTERNATIONAL JOURNAL OF MOLECULAR SCIENCES 17
doi:10.3390/ijms17081284

mtmt:3099614
Online Access:http://publicatio.bibl.u-szeged.hu/10057
LEADER 01189nab a2200325 i 4500
001 publ10057
005 20190313103653.0
008 161202s2016 hu o 0|| zxx d
022 |a 1661-6596 
024 7 |a 10.3390/ijms17081284  |2 doi 
024 7 |a 3099614  |2 mtmt 
040 |a SZTE Publicatio Repozitórium  |b hun 
041 |a zxx 
100 1 |a Bombicz Mariann 
245 1 0 |a Anti-Atherogenic Properties of Allium ursinum Liophylisate  |h [elektronikus dokumentum] :  |b Impact on Lipoprotein Homeostasis and Cardiac Biomarkers in Hypercholesterolemic Rabbits /  |c  Bombicz Mariann 
260 |a MDPI AG  |c 2016 
300 |a Terjedelem: 18 p.-Azonosító: 1284 
490 0 |a INTERNATIONAL JOURNAL OF MOLECULAR SCIENCES  |v 17 
700 0 1 |a Priksz Dániel  |e aut 
700 0 1 |a Varga Balázs  |e aut 
700 0 1 |a Gesztelyi Rudolf  |e aut 
700 0 1 |a Kertész Attila  |e aut 
700 0 1 |a Lengyel Péter  |e aut 
700 0 1 |a Balogh Péter  |e aut 
700 0 1 |a Csupor Dezső  |e aut 
700 0 1 |a Hohmann Judit  |e aut 
700 0 1 |a Bhattoa Harjit Pál  |e aut 
700 0 1 |a Haines David  |e aut 
700 0 1 |a Juhász Béla  |e aut 
856 4 0 |u http://publicatio.bibl.u-szeged.hu/10057/1/ijms_17_01284_u.pdf  |z Dokumentum-elérés